|
|
|
|
| LEADER |
00000nam a22000007a 4500 |
| 005 |
2011091505425.0 |
| 008 |
110915s2011 sp ||||s|||| 00| 0 spa d |
| 020 |
|
|
|a 978–84–96721–16–6
|
| 035 |
|
|
|a 5744
|
| 040 |
|
|
|a vLex
|
| 090 |
|
|
|c 2472
|d 2472
|
| 100 |
1 |
|
|a Lp̤ez Ganda̕, Juan
|
| 245 |
1 |
4 |
|a Los riesgos profesionales de los trabajadores de la madera
|h [Recurso electrn̤ico] :
|b Especial referencia al polvo de madera /
|c Juan Lp̤ez Ganda̕
|
| 256 |
|
|
|a Servicio en ln̕ea.
|
| 260 |
|
|
|a Albacete :
|b Editorial Bomarzo,
|c 2011.
|
| 300 |
|
|
|a 1 recurso electrn̤ico
|
| 506 |
1 |
|
|a Contenido solo disponible en los productos indicados
|d vLex Global
|d vLex Global (Academic Edition, excluding Law Schools)
|d vLex Global (U.S. Academic Edition, Law Schools)
|d vLex Global (U.S. Academic Edition, excluding Law Schools)
|d vLex Global (Academic Edition, Law Schools)
|
| 650 |
0 |
4 |
|a Trabajo
|x Accidentes
|x Derecho
|z Espaą
|
| 740 |
0 |
|
|a vLex Libros (Servicio en ln̕ea)
|
| 830 |
|
0 |
|a Estudios (Bomarzo)
|
| 856 |
4 |
0 |
|u http://vlex.com/source/riesgos-profesionales-trabajadores-madera-especial-referencia-polvo-madera-5744
|z Acceso restringido
|
| 942 |
|
|
|c BOOK
|